000 00556nam a22001577a 4500
003 OSt
005 20151205161624.0
008 151205b xxu||||| |||| 00| 0 eng d
040 _cRUA
082 _aATM ម៉ែន​ 1990 B188 Or.1
100 _94361
_aម៉ែន​ សុខេន.
245 _aការថែរក្សា និងការជួសជុលត្រាក់ទ័ររបស់កសិករខេត្ត បាត់តំបង.
260 _aPhnom Penh
_bRUA
_c1990
300 _a51p.
_bill.
_c29cm.
942 _2ddc
_cATM
999 _c4065
_d4065